Types of sharks - Statistics

General Stats
  • This quiz has been taken 183 times
    172 since last reset
  • The average score is 8 of 15
Answer Stats
Hint Answer % Correct
1 Great white
98%
2 Tiger
92%
13 Bull
88%
3 Hammer head
87%
4 Whale
85%
11 Mako
70%
5 Lemon
63%
10 Goblin
47%
9 Black tip reef
42%
8 White tip reef
34%
14 Leopard
31%
6 Zebra
23%
15 Silver tip
6%
7 Caribbean reef
5%
12 Sharp tip
2%
No matching quizzes found
Score Distribution
Percent of People with Each Score
Percentile by Number Answered
Your Score History
You have not taken this quiz since the last reset